000 01199nam0a22002651 4500
001 rc\632129
005 20250621191621.0
035 _a(NLR Aleph) 005874209
090 _a6010540
_c6010540
100 _a20031121d1986 |||y0rusy50 ca
101 0 _arus
102 _aRU
105 _aa |||||||||
200 1 _aМЕЖУЗЛОВОЙ сетевой протокол
_e(Сервис и процедуры)
_fЮ.С. Подвысоцкий, Д.В. Куцевалов, А.Я. Калнберзинь, С.В. Ротанов
_gПод общ. ред. акад. АН ЛатвССР Э.А. Якубайтиса
210 _aРига
_cИн-т электроники и вычисл. техники
_d1986
215 _a60 с.
_cил.
_d20
225 1 _aПрепринт докладов
_fАН ЛатвССР, Ин-т электроники и вычисл. техники
320 _aБиблиогр.: с. 58-59
701 1 _aПодвысоцкий
_bЮ.С.
_gЮрий Станиславович
702 1 _aЯкубайтис
_bЭ.А.
_f1924-
_gЭдуард Александрович
_4340
801 0 _aRU
_bNLR
_gpsbo
801 1 _aRU
_bELAR
_2rusmarc
852 _aNLR
_j87-4/21203
942 _cBOOK
980 _aNB